NLSUI OPAC header image

The contentious history of the International Bill of Human Rights / (Record no. 112905)

MARC details
000 -LEADER
fixed length control field 01486cam a2200301 i 4500
001 - CONTROL NUMBER
control field 18120468
003 - CONTROL NUMBER IDENTIFIER
control field OSt
005 - DATE AND TIME OF LATEST TRANSACTION
control field 20260219053107.0
008 - FIXED-LENGTH DATA ELEMENTS--GENERAL INFORMATION
fixed length control field 140418s2015 nyua b 001 0 eng
010 ## - LIBRARY OF CONGRESS CONTROL NUMBER
LC control number 2014015720
020 ## - INTERNATIONAL STANDARD BOOK NUMBER
International Standard Book Number 9781107601635 (pbk.)
020 ## - INTERNATIONAL STANDARD BOOK NUMBER
International Standard Book Number 1107601630 (pbk.)
040 ## - CATALOGING SOURCE
Original cataloging agency DLC
Language of cataloging eng
Transcribing agency DLC
Description conventions rda
Modifying agency DLC
042 ## - AUTHENTICATION CODE
Authentication code pcc
082 00 - DEWEY DECIMAL CLASSIFICATION NUMBER
Classification number 341.48 ROB
100 ## - MAIN ENTRY--PERSONAL NAME
Personal name Roberts, Christopher N. J.
245 14 - TITLE STATEMENT
Title The contentious history of the International Bill of Human Rights /
Statement of responsibility, etc. Christopher N. J. Roberts
264 #1 - PRODUCTION, PUBLICATION, DISTRIBUTION, MANUFACTURE, AND COPYRIGHT NOTICE
Place of production, publication, distribution, manufacture New York :
Name of producer, publisher, distributor, manufacturer Cambridge University Press,
Date of production, publication, distribution, manufacture, or copyright notice 2015.
300 ## - PHYSICAL DESCRIPTION
Extent xiv, 237 p. :
Other physical details ill. ;
Dimensions 23 cm.
490 0# - SERIES STATEMENT
Series statement Cambridge studies in law and society
505 0# - FORMATTED CONTENTS NOTE
Formatted contents note What are human rights and where do they come from?<br/>From war and politics to human rights,<br/>The Cold War and colonial recession;<br/>Protecting state sovereignty from the 'dangers' of human rights;<br/>Saving empire: the attempt to create (non)-universal human rights;<br/>A human rights Treaty that permits lynching?<br/>The United States' unequivocal ambivalence towards socioeconomic rights.
610 20 - SUBJECT ADDED ENTRY--CORPORATE NAME
Corporate name or jurisdiction name as entry element United Nations.
Subordinate unit General Assembly.
Title of a work Universal Declaration of Human Rights.
650 #0 - SUBJECT ADDED ENTRY--TOPICAL TERM
Topical term or geographic name entry element Human rights
General subdivision History.
856 41 - ELECTRONIC LOCATION AND ACCESS
Materials specified Table of contents
Uniform Resource Identifier <a href="http://www.loc.gov/catdir/enhancements/fy1408/2014015720-t.html">http://www.loc.gov/catdir/enhancements/fy1408/2014015720-t.html</a>
906 ## - LOCAL DATA ELEMENT F, LDF (RLIN)
a 7
b cbc
c orignew
d 1
e ecip
f 20
g y-gencatlg
942 ## - ADDED ENTRY ELEMENTS (KOHA)
Source of classification or shelving scheme Dewey Decimal Classification
Koha item type BOOKs
Holdings
Withdrawn status Lost status Source of classification or shelving scheme Materials specified (bound volume or other part) Damaged status Not for loan Home library Current library Shelving location Date acquired Source of acquisition Coded location qualifier Total Checkouts Full call number Barcode Date last seen Price effective from Koha item type
    Dewey Decimal Classification PB     . . General Stacks 08.03.2018 Purchased MPPSECTION   341.48 ROB 36060 08.03.2019 08.03.2019 BOOKs